000 00776nam a2200253Ia 4500
003 OSt
005 20220923220756.0
006 a|||||r|||| 00| 0
007 ta
008 220922b |||||||| |||| 00| 0 hin d
024 _a190,301
037 _cTextual
040 _aARTS
_cARTS
_bhin
041 _2hin
_ahin
082 _aO152,2N30,EA, L8
100 _aशेष, शंकर
245 0 _aएक और द्रोणाचार्य
246 _aEk aur droṇāchārya
260 _aदिल्ली
_b पराग प्रकाशन
_c1978
300 _a108पृ.
_ccm.
650 _aहिन्दी साहित्य
_9156264
942 _hO152,2N30,EA, L8
_cTEXL
_2CC
999 _c343077
_d343077